| 000 | 00503nam a2200181 i 4500 | ||
|---|---|---|---|
| 001 | bg | ||
| 100 | 1 | _aGDOWSKI, Bogusław | |
| 245 | 0 |
_aZbiór zadań z matematyki dla kandydatów na wyższe uczelnie / _cBogusław Gdowski, Edmund Pluciński. |
|
| 250 | _aWyd. 5. | ||
| 260 |
_aWarszawa : _bWydawn. Nauk.-Techn, _c1975. |
||
| 300 |
_as. 535 : _brys. |
||
| 700 | 1 | _aPLUCIŃSKI, Edmund | |
| 040 | _cBPK | ||
| 041 | _apol | ||
| 080 | _a51(076) | ||
| 942 | _cKS | ||
| 008 | s pl f |000 0 pol | ||
| 999 |
_c478 _d478 |
||
| 856 |
_uhttp://koha.tu.koszalin.pl/cgi-bin/koha/opac-detail.pl?biblionumber=478 _yKatalog online BPK |
||